Normale Ansicht MARC-Ansicht ISBD

Lénine, l'inventeur du totalitarisme / (Titelsatznr. 48546)

[ MARC ]
MARC-Details
000 -Satzkennung
Kontrollfeld mit fester Länge 00547nam a22002051c 4500
001 - Kontrollnummer
Kontrollfeld a987689524
008 - Feld mit fester Länge zur physischen Beschreibung - Allgemeine Angaben
Kontrollfeld mit fester Länge 991231s2017 gw |||| 000u fre d
020 ## - Internationale Standardbuchnummer
Internationale Standardbuchnummer 9782262065379
Verknüpfung 978-2-262-06537-9
041 ## - Sprachcode
Sprachcode des Textes/der Tonspur oder des separaten Titels fre
040 ## - Katalogisierungsquelle
Übertragungsstelle RU-10907106
003 - Kontrollnummer Identifier
Kontrollfeld RU-10907106
100 1# - Haupteintragung - Personenname
Personenname Courtois, Stéphane
245 00 - Titel
Titel Lénine, l'inventeur du totalitarisme /
Verfasserangabe etc. Stéphane Courtois
264 ## - Produktion, Veröffentlichung, Distribution, Herstellung und Urheberrechtsvermerk
Herstellungs-, Veröffentlichungs- Vertriebs-, Erzeugungsort Paris :
Produzent, Herausgeber, Distributor, Hersteller Perrin,
Datum der Herstellung, der Veröffentlichung, des Vertriebs oder des Urheberschutzvermerks 2017
300 ## - Physische Beschreibung
Umfang 498 Seiten
600 #0 - Nebeneintragung unter einem Schlagwort - Personenname
Personenname Lenin, Vladimir Il'ič
650 #0 - Nebeneintragung unter einem Schlagwort - Sachschlagwort
Sachschlagwort oder geografischer Name als Eintragungselement Totalitarismus
651 #0 - Nebeneintragung unter einem Schlagwort - Geografischer Name
Geografischer Name Sowjetunion
942 ## - Zusätzliche Felder (Koha)
Koha-Medientyp Monographien
Exemplare
Ausgeschieden Verloren Klassifikation oder Aufstellungssystematik Beschädigt Nicht entleihbar Heimatbibliothek Aufenthaltsbibliothek Aufstellungsort Erwerbungsdatum Inventarnummer Signatur Barcode Letzte Aktivität Preis gültig von Koha-Medientyp
    Andere/Generische Klassifikation     MWN Osteuropa MWN Osteuropa Magazin - 2 22/03/2021 18-00978 R 60 ad Len 52 E004015078FCF60A 19/02/2021 22/03/2021 Monographien